header

On the nature of philosophy and other philosophical essays (Record no. 36642)

MARC details
000 -LEADER
fixed length control field 01106nam a2200289 a 4500
100 1# - MAIN ENTRY--AUTHOR NAME
Personal name Rescher, Nicholas.
245 10 - TITLE STATEMENT
Title On the nature of philosophy and other philosophical essays
260 ## - PUBLICATION, DISTRIBUTION, ETC. (IMPRINT)
Place of publication Frankfurt :
Name of publisher Ontos Verlag,
Year of publication 2012.
300 ## - PHYSICAL DESCRIPTION
Number of Pages 129 p. :
Other physical details ill.
650 #0 - SUBJECT ADDED ENTRY--TOPICAL TERM
Topical Term Philosophy.
856 40 - ELECTRONIC LOCATION AND ACCESS
Uniform Resource Identifier http://site.ebrary.com/lib/rucke/Doc?id=10728972

No items available.

© 2026 Rongo University
Contact us: librarian | system librarian | Rongo university